[Event "Portoroz Nat Festival 30th"]
[Site "Portoroz"]
[Date "2020.09.07"]
[Round "7"]
[White "Filippovskiy, Nikita"]
[Black "Kralj, Nika"]
[Result "0-1"]
[WhiteElo "1422"]
[BlackElo "1781"]
[PlyCount "85"]
[EventDate "2020.09.03"]
[EventType "swiss"]
[EventRounds "9"]
[EventCountry "SLO"]
[SourceTitle "CBM 198 Extra"]
[Source "ChessBase"]
[SourceDate "2020.11.30"]
[SourceVersion "1"]
[SourceVersionDate "2020.11.30"]
[SourceQuality "1"]

1. e4 c5 2. Nf3 Nc6 3. d4 cxd4 4. Nxd4 Nf6 5. Nc3 e5 6. Ndb5 d6 7. Bg5 a6 8. Na3 b5 9. Nd5 Be7 10. Bxf6 Bxf6 11. c3 Rb8 12. Nc2 Bg5 13. Be2 0-0 14. 0-0 a5 15. b4 Be6 16. bxa5 Qxa5 17. Ncb4 Rfc8 18. Bg4 Qa3 19. Nxc6 Rxc6 20. Nb4 Rxc3 21. Bxe6 Qxb4 22. Bxf7+ Kxf7 23. Qh5+ Kg8 24. Rab1 Qxe4 25. Rxb5 Rf8 26. Qxg5 Rc2 27. f3 Qd4+ 28. Kh1 Qc4 29. Rfb1 h6 30. Qe3 Qxa2 31. Qb3+ Qxb3 32. R5xb3 Rfc8 33. Kg1 Rc1+ 34. Rxc1 Rxc1+ 35. Kf2 Rc7 36. Rd3 Rd7 37. Ke3 d5 38. g4 Kf7 39. h4 Ke6 40. Rb3 Rd6 41. f4 exf4+ 42. Kxf4 Rd7 43. Rb6+ 0-1

[Event "SLO-chT U20 Girls"]
[Site "Dobrna"]
[Date "2019.08.29"]
[Round "5"]
[White "Urbanc, Tina"]
[Black "Kralj, Nika"]
[Result "1/2-1/2"]
[WhiteElo "1694"]
[BlackElo "1851"]
[PlyCount "60"]
[EventDate "2019.08.27"]
[EventType "team-swiss"]
[EventRounds "5"]
[EventCountry "SLO"]
[SourceTitle "EXT 2020"]
[Source "ChessBase"]
[SourceDate "2019.10.17"]
[SourceVersion "1"]
[SourceVersionDate "2019.10.17"]
[SourceQuality "1"]

1. d4 d5 2. Bf4 Nf6 3. Nf3 c5 4. e3 Nc6 5. c3 Qb6 6. Qc2 Bf5 7. dxc5 Bxc2 8. cxb6 axb6 9. Bb5 e6 10. 0-0 Be7 11. Ne5 Rc8 12. Nxc6 bxc6 13. Ba6 Rd8 14. Bc7 Rd7 15. Bxb6 0-0 16. b4 Ra8 17. Be2 Ne4 18. Bd4 c5 19. bxc5 Nxc5 20. Nd2 Rda7 21. c4 Rxa2 22. cxd5 exd5 23. Bf3 Ne4 24. Nxe4 dxe4 25. Be2 Rxa1 26. Rxa1 Rxa1+ 27. Bxa1 Bb3 28. Bb5 Bd5 29. Bd4 f6 30. h3 Kf7 1/2-1/2

[Event "SLO-chT U20 Girls"]
[Site "Dobrna"]
[Date "2019.08.28"]
[Round "3"]
[White "Kralj, Nika"]
[Black "Groselj, Kaja"]
[Result "1/2-1/2"]
[WhiteElo "1851"]
[BlackElo "1477"]
[PlyCount "86"]
[EventDate "2019.08.27"]
[EventType "team-swiss"]
[EventRounds "5"]
[EventCountry "SLO"]
[SourceTitle "EXT 2020"]
[Source "ChessBase"]
[SourceDate "2019.10.17"]
[SourceVersion "1"]
[SourceVersionDate "2019.10.17"]
[SourceQuality "1"]

1. e4 d5 2. exd5 Qxd5 3. Nc3 Qd6 4. d4 c6 5. Nf3 Nf6 6. Be3 Bf5 7. Qd2 e6 8. Bd3 Bxd3 9. Qxd3 Be7 10. Ne5 Nbd7 11. Nc4 Qc7 12. Qd2 Nd5 13. 0-0 0-0 14. f4 Nxe3 15. Qxe3 Nf6 16. Qe5 Rac8 17. Rf3 Rfd8 18. Raf1 b5 19. Ne3 b4 20. Ne2 c5 21. c3 a5 22. Qxc7 Rxc7 23. f5 exf5 24. Nxf5 bxc3 25. Rxc3 Rdd7 26. Re3 Bf8 27. Rg3 Kh8 28. Kh1 Rc8 29. Rc3 Ne4 30. Re3 Nd6 31. Nxd6 Bxd6 32. dxc5 Bxc5 33. Rc3 Rcc7 34. Nf4 Bb4 35. Rxc7 Rxc7 36. Nd5 Rc2 37. Nxb4 axb4 38. Rb1 g5 39. h3 Kg7 40. a3 bxa3 41. bxa3 Ra2 42. Rb3 h5 43. h4 f6 1/2-1/2

[Event "EU-ch U14 Girls"]
[Site "Bratislava"]
[Date "2019.08.08"]
[Round "7"]
[White "Kralj, Nika"]
[Black "Slusarczyk, Milena"]
[Result "0-1"]
[WhiteElo "1851"]
[BlackElo "1460"]
[PlyCount "73"]
[EventDate "2019.08.02"]
[EventType "swiss"]
[EventRounds "9"]
[EventCountry "SVK"]
[SourceTitle "EXT 2020"]
[Source "ChessBase"]
[SourceDate "2019.10.17"]
[SourceVersion "1"]
[SourceVersionDate "2019.10.17"]
[SourceQuality "1"]

1. e4 c5 2. Nf3 d6 3. d4 cxd4 4. Nxd4 Nf6 5. Nc3 a6 6. h3 e5 7. Nde2 Be7 8. g4 Nc6 9. Be3 Be6 10. Ng3 d5 11. exd5 Nxd5 12. Nxd5 Qxd5 13. Qxd5 Bxd5 14. Rg1 Nb4 15. 0-0-0 Bxa2 16. Nf5 Rc8 17. Rd2 g6 18. Nxe7 Kxe7 19. Bg2 Rhd8 20. Rgd1 Rxd2 21. Rxd2 b5 22. Bb6 Ke8 23. Kd1 Be6 24. c3 Nc6 25. Rd6 Nd8 26. Ba5 f5 27. gxf5 gxf5 28. Rxa6 e4 29. Bf1 Rb8 30. Ke1 Bc4 31. Bb4 Kf7 32. Rd6 Ra8 33. Ba3 Rb8 34. Bxc4+ bxc4 35. Rd7+ Kg6 36. Rc7 Ne6 37. Kf1 0-1

[Event "EU-ch U14 Girls"]
[Site "Bratislava"]
[Date "2019.08.07"]
[Round "6"]
[White "Batagan, Ilinca Petra"]
[Black "Kralj, Nika"]
[Result "1/2-1/2"]
[WhiteElo "1748"]
[BlackElo "1851"]
[PlyCount "138"]
[EventDate "2019.08.02"]
[EventType "swiss"]
[EventRounds "9"]
[EventCountry "SVK"]
[SourceTitle "EXT 2020"]
[Source "ChessBase"]
[SourceDate "2019.10.17"]
[SourceVersion "1"]
[SourceVersionDate "2019.10.17"]
[SourceQuality "1"]

1. c4 d6 2. g3 g6 3. Bg2 e5 4. Nc3 Bg7 5. Nf3 f5 6. d4 e4 7. Ng5 Nc6 8. d5 Ne5 9. f3 h6 10. Ne6 Bxe6 11. dxe6 exf3 12. exf3 Ne7 13. Qe2 N5c6 14. Be3 Nd4 15. Bxd4 Bxd4 16. Qd3 Nc6 17. 0-0-0 Bg7 18. Kb1 Qf6 19. f4 0-0 20. Rhe1 Rfe8 21. Qd2 Ne7 22. Nd5 Nxd5 23. cxd5 Kh7 24. h3 c6 25. g4 c5 26. gxf5 gxf5 27. Bf3 Qh4 28. Qd3 Qf6 29. Re2 Re7 30. Bg4 Rf8 31. Rg1 Kh8 32. Bh5 b5 33. Reg2 Qd4 34. Qg3 Qxd5 35. Bf7 Rfxf7 36. exf7 Qxf7 37. Qd3 Qe6 38. Rg6 Qe4 39. Rxd6 Qxf4 40. Rd7 Qf2 41. Rd8+ Kh7 42. Rxg7+ Rxg7 43. Rd7 Qe1+ 44. Kc2 Qe4 45. Qxe4 fxe4 46. Rd5 Rg2+ 47. Kc1 Rg5 48. Rd7+ Kg6 49. Rxa7 Rd5 50. a4 bxa4 51. Rxa4 Kf5 52. Ra8 Kf4 53. Rh8 h5 54. Rf8+ Rf5 55. Re8 Re5 56. Rf8+ Rf5 57. Re8 Ke3 58. Kd1 Rd5+ 59. Ke1 c4 60. Rc8 Kd3 61. Re8 Rb5 62. Rh8 Ke3 63. Kd1 Rxb2 64. Rxh5 Rh2 65. Rh8 Rd2+ 66. Kc1 Rh2 67. Kd1 Rd2+ 68. Kc1 c3 69. h4 Rh2 1/2-1/2

[Event "EU-ch U14 Girls"]
[Site "Bratislava"]
[Date "2019.08.02"]
[Round "1"]
[White "Kralj, Nika"]
[Black "Arnold, Dora"]
[Result "1-0"]
[WhiteElo "1851"]
[BlackElo "1490"]
[PlyCount "67"]
[EventDate "2019.08.02"]
[EventType "swiss"]
[EventRounds "9"]
[EventCountry "SVK"]
[SourceTitle "EXT 2020"]
[Source "ChessBase"]
[SourceDate "2019.10.17"]
[SourceVersion "1"]
[SourceVersionDate "2019.10.17"]
[SourceQuality "1"]

1. e4 e5 2. Nf3 Nc6 3. d4 exd4 4. Nxd4 Bc5 5. Nb3 Bb6 6. Qe2 d6 7. Nc3 Nge7 8. Be3 Be6 9. Nd5 Bxd5 10. exd5 Ne5 11. f4 N5g6 12. 0-0-0 0-0 13. Qf2 Re8 14. Bxb6 axb6 15. f5 Ne5 16. a3 Qd7 17. f6 Ng4 18. Qh4 Nxf6 19. Bd3 h6 20. c4 Qg4 21. Qf2 Ng6 22. Rhf1 Re7 23. h3 Qg5+ 24. Kb1 Ne5 25. h4 Qh5 26. Nd4 Nxd3 27. Rxd3 Ne4 28. Qf4 Rae8 29. Nf5 Re5 30. Ka2 Qe2 31. Rff3 Nf6 32. Nxg7 Kxg7 33. Qxf6+ Kh7 34. Rg3 1-0

[Event "EU-chT U18 Girls"]
[Site "Pardubice"]
[Date "2019.07.11"]
[Round "1.2"]
[White "Kralj, Nika"]
[Black "Levitan, Ronit"]
[Result "1/2-1/2"]
[WhiteElo "1807"]
[BlackElo "2022"]
[PlyCount "89"]
[EventDate "2019.07.11"]
[EventType "team-swiss"]
[EventRounds "7"]
[EventCountry "CZE"]
[SourceTitle "CBM 191 Extra"]
[Source "ChessBase"]
[SourceDate "2019.09.30"]
[SourceVersion "1"]
[SourceVersionDate "2019.09.30"]
[SourceQuality "1"]
[WhiteTeam "Slovenia U18 Girls II"]
[BlackTeam "Israel U18 Girls"]
[WhiteTeamCountry "SLO"]
[BlackTeamCountry "ISR"]

1. e4 e5 2. Nf3 Nc6 3. d4 exd4 4. Nxd4 Nf6 5. Nxc6 bxc6 6. e5 Qe7 7. Qe2 Nd5 8. c4 Ba6 9. Qe4 Nb6 10. Nc3 g6 11. Bd3 Bg7 12. f4 Qe6 13. c5 Bxd3 14. Qxd3 Nd5 15. 0-0 0-0 16. Bd2 f6 17. exf6 Bxf6 18. Rae1 Qf7 19. b3 Rae8 20. Ne4 Bg7 21. Ng5 Qf6 22. Qh3 h6 23. Rxe8 Rxe8 24. Qxd7 Re2 25. Nf3 Nxf4 26. Bxf4 Qxf4 27. Qxc6 Qg4 28. Rf2 Rxf2 29. Qd5+ Kh7 30. Kxf2 Qb4 31. a4 Qc3 32. g4 Qb2+ 33. Kg3 Qc1 34. h4 Qe3 35. c6 Qe7 36. g5 h5 37. Qd7 Qb4 38. Qxc7 Qg4+ 39. Kf2 Qe4 40. Qd7 Qc2+ 41. Kg3 a5 42. c7 Qxb3 43. c8Q Qxf3+ 44. Kh2 Qg2+ 45. Kxg2 1/2-1/2

[Event "SLO-chT U16 Girls"]
[Site "Nova Gorica"]
[Date "2019.05.25"]
[Round "2"]
[White "Ferfole, Anja"]
[Black "Kralj, Nika"]
[Result "0-1"]
[WhiteElo "1561"]
[BlackElo "1841"]
[PlyCount "80"]
[EventDate "2019.05.24"]
[EventType "team-swiss"]
[EventRounds "5"]
[EventCountry "SLO"]
[SourceTitle "EXT 2020"]
[Source "ChessBase"]
[SourceDate "2019.10.17"]
[SourceVersion "1"]
[SourceVersionDate "2019.10.17"]
[SourceQuality "1"]

1. e4 g6 2. Nc3 Bg7 3. Nge2 d6 4. d3 Nf6 5. Bg5 Nc6 6. Bxf6 Bxf6 7. g3 Bg4 8. Bg2 Nd4 9. e5 Bxe5 10. Bxb7 Rb8 11. Bg2 Rxb2 12. Rc1 Nxc2+ 13. Rxc2 Bxc3+ 14. Kf1 Bg7 15. f3 Bd7 16. Rxb2 Bxb2 17. Qb1 Bg7 18. Kf2 0-0 19. Rc1 c5 20. Rc4 Qa5 21. Qc2 Rb8 22. d4 Bb5 23. Rc3 c4 24. f4 e6 25. Re3 d5 26. Bf1 Ba4 27. Qc1 Rb4 28. Kf3 Qb6 29. Qd2 Rb1 30. Bh3 Rb2 31. Qd1 Bxd1 32. Bf1 Bxd4 33. Ra3 c3 34. Kg2 Bxe2 35. Bxe2 Rxe2+ 36. Kf3 Rf2+ 37. Kg4 Rxh2 38. Kg5 h6+ 39. Kg4 f5+ 40. Kf3 Rf2# 0-1

[Event "SLO-ch (Women) 29th"]
[Site "Radenci"]
[Date "2019.05.02"]
[Round "7"]
[White "Mar, Karmen"]
[Black "Kralj, Nika"]
[Result "1-0"]
[WhiteElo "2031"]
[BlackElo "1841"]
[PlyCount "89"]
[EventDate "2019.04.27"]
[EventType "tourn"]
[EventRounds "9"]
[EventCountry "SLO"]
[SourceTitle "CBM 190 Extra"]
[Source "ChessBase"]
[SourceDate "2019.07.15"]
[SourceVersion "1"]
[SourceVersionDate "2019.07.15"]
[SourceQuality "1"]

1. e4 c5 2. Nf3 Nc6 3. Bb5 g6 4. 0-0 Bg7 5. Re1 e5 6. Bxc6 dxc6 7. d3 Qe7 8. a4 f6 9. a5 Nh6 10. b3 Qc7 11. Be3 Qe7 12. h3 0-0 13. Qd2 Nf7 14. Qc3 Rd8 15. Bxc5 Qc7 16. Nbd2 Be6 17. Nc4 Qc8 18. Qb4 Qd7 19. Nb2 g5 20. Nh2 h5 21. Na4 Kh7 22. Be3 Qc8 23. Nc5 Nd6 24. Nxe6 Qxe6 25. Bc5 Rd7 26. Bxd6 Qxd6 27. Qxd6 Rxd6 28. Nf1 Rd7 29. Ne3 Bf8 30. Ra4 Rad8 31. Nf5 Bc5 32. Rc4 Bf8 33. a6 Rc8 34. axb7 Rxb7 35. Ra1 Kg6 36. Ra6 Rbc7 37. Kf1 Kf7 38. Rca4 Ra8 39. Rc4 Rac8 40. Ke2 Ke6 41. h4 Kf7 42. Ra5 Re8 43. Rca4 Ra8 44. hxg5 fxg5 45. Rxe5 1-0

[Event "SLO-ch (Women) 29th"]
[Site "Radenci"]
[Date "2019.04.28"]
[Round "3"]
[White "Janzelj, Lara"]
[Black "Kralj, Nika"]
[Result "1-0"]
[WhiteElo "2182"]
[BlackElo "1841"]
[PlyCount "123"]
[EventDate "2019.04.27"]
[EventType "tourn"]
[EventRounds "9"]
[EventCountry "SLO"]
[SourceTitle "CBM 190 Extra"]
[Source "ChessBase"]
[SourceDate "2019.07.15"]
[SourceVersion "1"]
[SourceVersionDate "2019.07.15"]
[SourceQuality "1"]

1. c4 d6 2. g3 e5 3. Bg2 g6 4. Nc3 Bg7 5. Nf3 f5 6. d3 Nf6 7. 0-0 0-0 8. Rb1 Nc6 9. b4 h6 10. b5 Ne7 11. a4 g5 12. Ba3 f4 13. Nd2 Nf5 14. Nd5 Be6 15. Nxf6+ Qxf6 16. Bxb7 Rab8 17. Bg2 Rfd8 18. Ne4 Qf7 19. Nc3 g4 20. Nd5 Nd4 21. e3 f3 22. exd4 fxg2 23. Re1 Bxd5 24. cxd5 Rf8 25. Rb2 Qf3 26. Qc2 Rf7 27. Re4 exd4 28. Qe2 h5 29. Rc2 Qf5 30. Bb2 Qxd5 31. Rc4 Rbf8 32. Bxd4 Bxd4 33. Rcxd4 Qc5 34. Rc4 Qxf2+ 35. Qxf2 Rxf2 36. Rf4 R2xf4 37. gxf4 Rf7 38. Kxg2 Kg7 39. Kg3 Kg6 40. Re4 Kf5 41. Rd4 Ke6 42. Kh4 Rf5 43. Re4+ Kf7 44. Rc4 Kg6 45. Kg3 Rc5 46. Rd4 Kf6 47. h3 gxh3 48. Kxh3 Rf5 49. Kh4 d5 50. Rb4 Ke6 51. Kg3 Kd6 52. d4 c5 53. bxc6 Kxc6 54. Rb8 Kc7 55. Rg8 Kd6 56. Rg6+ Ke7 57. Ra6 Rf8 58. Rxa7+ Kf6 59. Rh7 Kg6 60. Rd7 Rf5 61. Rd6+ Kg7 62. a5 1-0

[Event "SLO-ch (Women) 29th"]
[Site "Radenci"]
[Date "2019.04.28"]
[Round "2"]
[White "Kralj, Nika"]
[Black "Vidmar, Klara"]
[Result "1-0"]
[WhiteElo "1841"]
[BlackElo "1765"]
[PlyCount "55"]
[EventDate "2019.04.27"]
[EventType "tourn"]
[EventRounds "9"]
[EventCountry "SLO"]
[SourceTitle "CBM 190 Extra"]
[Source "ChessBase"]
[SourceDate "2019.07.15"]
[SourceVersion "1"]
[SourceVersionDate "2019.07.15"]
[SourceQuality "1"]

1. e4 c5 2. Nf3 Nc6 3. d4 cxd4 4. Nxd4 e5 5. Nb5 d6 6. N1c3 a6 7. Na3 b5 8. Nd5 Nf6 9. Bg5 Be7 10. Bxf6 Bxf6 11. c3 0-0 12. Nc2 Bg5 13. a4 bxa4 14. Rxa4 a5 15. Bc4 Rb8 16. b3 Kh8 17. Nce3 g6 18. h4 Bxh4 19. g3 Bg5 20. Ra2 Be6 21. f4 exf4 22. gxf4 Bh4+ 23. Kf1 h6 24. Rah2 g5 25. Qh5 Kg7 26. Rxh4 gxh4 27. Rg1+ Kh7 28. Nf5 1-0

[Event "SLO-chT U16 Girls"]
[Site "Murska Sobota"]
[Date "2018.05.13"]
[Round "4"]
[White "Kralj, Nika"]
[Black "Vidmar, Klara"]
[Result "1/2-1/2"]
[WhiteElo "1622"]
[BlackElo "1760"]
[PlyCount "81"]
[EventDate "2018.05.11"]
[EventType "team-tourn"]
[EventRounds "5"]
[EventCountry "SLO"]
[SourceTitle "EXT 2020"]
[Source "ChessBase"]
[SourceDate "2019.10.17"]
[SourceVersion "1"]
[SourceVersionDate "2019.10.17"]
[SourceQuality "1"]

1. e4 c5 2. Nf3 Nc6 3. d4 cxd4 4. Nxd4 e5 5. Nb5 d6 6. N1c3 a6 7. Na3 b5 8. Nd5 Nf6 9. Bg5 Be7 10. Bxf6 Bxf6 11. c3 0-0 12. Nc2 Bg5 13. a4 bxa4 14. Rxa4 a5 15. b3 Bd7 16. Ra2 Ne7 17. Nce3 Nxd5 18. Nxd5 f5 19. Bc4 Kh8 20. exf5 Bxf5 21. 0-0 Be6 22. Qh5 Bh6 23. Nb6 Qxb6 24. Bxe6 Qc5 25. Bc4 a4 26. Rfa1 Rab8 27. Rxa4 Qxf2+ 28. Kh1 Rxb3 29. Ra8 Rbb8 30. Rxb8 Rxb8 31. Rf1 Qa7 32. Qf5 Qe7 33. Bd5 g6 34. Qe4 Rf8 35. Rxf8+ Qxf8 36. Kg1 Bd2 37. c4 Bc3 38. Qf3 Qxf3 39. Bxf3 Kg7 40. Kf2 Kf6 41. Be4 1/2-1/2

[Event "SLO-chT U16 Girls"]
[Site "Murska Sobota"]
[Date "2018.05.12"]
[Round "3"]
[White "Kralj, Nika"]
[Black "Groselj, Kaja"]
[Result "1-0"]
[WhiteElo "1622"]
[BlackElo "1472"]
[PlyCount "77"]
[EventDate "2018.05.11"]
[EventType "team-tourn"]
[EventRounds "5"]
[EventCountry "SLO"]
[SourceTitle "EXT 2020"]
[Source "ChessBase"]
[SourceDate "2019.10.17"]
[SourceVersion "1"]
[SourceVersionDate "2019.10.17"]
[SourceQuality "1"]

1. e4 d5 2. exd5 Qxd5 3. Nc3 Qd6 4. d4 Nf6 5. Nf3 g6 6. Be2 Bg7 7. Be3 Ng4 8. Bc1 c5 9. Ne4 Qc6 10. Nxc5 b6 11. Nb3 0-0 12. d5 Qd6 13. 0-0 Bb7 14. c4 Nd7 15. h3 Ngf6 16. Nbd4 a6 17. Rb1 Ne4 18. Be3 Ndc5 19. Qc2 Qd7 20. b4 Na4 21. Qxe4 Nc3 22. Qd3 Nxb1 23. Qxb1 h6 24. Nb3 Qd6 25. a3 Rab8 26. Qc1 Kh7 27. Bf4 e5 28. dxe6 Qxe6 29. Bxb8 Rxb8 30. Re1 Rc8 31. Bd3 Qd7 32. Be4 Bxe4 33. Rxe4 Qf5 34. Rf4 Qd3 35. Nbd2 f5 36. c5 b5 37. Nh2 Rd8 38. Nhf1 Bc3 39. Rf3 1-0

[Event "SLO-ch U14 Girls"]
[Site "Portoroz"]
[Date "2018.02.25"]
[Round "3"]
[White "Kralj, Nika"]
[Black "Kuhar, Larisa"]
[Result "0-1"]
[WhiteElo "1671"]
[BlackElo "1769"]
[PlyCount "149"]
[EventDate "2018.02.24"]
[EventType "swiss"]
[EventRounds "9"]
[EventCountry "SLO"]
[SourceTitle "EXT 2019"]
[Source "ChessBase"]
[SourceDate "2018.10.10"]
[SourceVersion "1"]
[SourceVersionDate "2018.10.10"]
[SourceQuality "1"]

1. e4 c5 2. Nf3 d6 3. d4 cxd4 4. Nxd4 Nf6 5. Nc3 a6 6. Be2 e5 7. Nf3 Qc7 8. a4 Be7 9. 0-0 h6 10. Be3 Be6 11. Re1 0-0 12. Qd3 Nbd7 13. Nd2 Rac8 14. a5 Rfe8 15. Nf1 Bf8 16. f3 Qc6 17. Red1 Red8 18. Qd2 Be7 19. Bf2 Nh5 20. Ne3 Nf4 21. Rac1 Nf6 22. Ned5 Bxd5 23. Nxd5 N6xd5 24. exd5 Qd7 25. Be3 Ng6 26. c4 f5 27. b4 f4 28. Bb6 Rf8 29. Qa2 Kh8 30. c5 Bd8 31. c6 Qf7 32. Qd2 Nh4 33. b5 Qg6 34. Bd3 Nxf3+ 35. Kh1 Nxd2 36. Bxg6 Bxb6 37. axb6 Nb3 38. Rb1 Nc5 39. bxa6 Nxa6 40. c7 Nc5 41. Rb5 Nd7 42. Kg1 Ra8 43. Rc1 Rac8 44. Ra1 Rf6 45. Bh5 Nxb6 46. Rxb6 Rxc7 47. Ra8+ Kh7 48. Rd8 e4 49. Rdxd6 Rc1+ 50. Kf2 Rc2+ 51. Kf1 Rc1+ 52. Kf2 Rc2+ 53. Ke1 Rxd6 54. Rxd6 Rxg2 55. Re6 Rg5 56. Bf7 e3 57. d6 Rg1+ 58. Ke2 g5 59. Bg6+ Kg7 60. Be4 Ra1 61. d7 Ra2+ 62. Kf3 Rd2 63. Bf5 Rxd7 64. Rg6+ Kf7 65. Rxh6 Rd2 66. Rb6 Rxh2 67. Rxb7+ Kf6 68. Bg4 Rf2+ 69. Ke4 e2 70. Rb6+ Kf7 71. Rb7+ Ke8 72. Rb8+ Ke7 73. Rb7+ Kd6 74. Rd7+ Kc6 75. Bxe2 0-1

[Event "SLO-ch U14 Girls"]
[Site "Portoroz"]
[Date "2018.02.25"]
[Round "2"]
[White "Pajek, Tjasa"]
[Black "Kralj, Nika"]
[Result "0-1"]
[WhiteElo "1369"]
[BlackElo "1671"]
[PlyCount "194"]
[EventDate "2018.02.24"]
[EventType "swiss"]
[EventRounds "9"]
[EventCountry "SLO"]
[SourceTitle "EXT 2019"]
[Source "ChessBase"]
[SourceDate "2018.10.10"]
[SourceVersion "1"]
[SourceVersionDate "2018.10.10"]
[SourceQuality "1"]

1. e4 d6 2. d4 Nf6 3. Nc3 g6 4. Nf3 Bg7 5. Bd3 0-0 6. 0-0 Bg4 7. h3 Bxf3 8. Qxf3 Nc6 9. Be3 Nd7 10. Ne2 Nb4 11. Bd2 c5 12. c3 Nc6 13. Be3 Qb6 14. dxc5 Nxc5 15. Bxc5 Qxc5 16. Bc2 Ne5 17. Qf4 b5 18. Bb3 a5 19. a3 Qb6 20. Qd2 Rac8 21. Nf4 Qb7 22. Qd5 Qb6 23. Qd2 Nc4 24. Qe2 Qb7 25. Rad1 Rfd8 26. Kh1 Bh6 27. Nd5 Kg7 28. Bxc4 Rxc4 29. f3 e6 30. Ne3 Rc5 31. Ng4 Bf4 32. Nf2 Rc4 33. Rd4 Rc6 34. Rdd1 Bg3 35. Nd3 Rc4 36. Rc1 Qc6 37. Qd2 Qc7 38. Qe2 d5 39. exd5 Rxd5 40. Rcd1 Rh4 41. Qe3 Qc6 42. Nf2 Re5 43. Qd3 Reh5 44. Ne4 Be5 45. Qd7 Qb6 46. Nf2 Qc5 47. Qd2 Bb8 48. Rfe1 Qc7 49. Kg1 Qh2+ 50. Kf1 Ba7 51. b4 Rd5 52. Qb2 Rg5 53. c4+ e5 54. c5 Qxg2+ 55. Ke2 Rxh3 56. Qc3 Rf5 57. Rg1 Qxf3+ 58. Qxf3 Rfxf3 59. Nxh3 Rxh3 60. Rd3 Rh2+ 61. Ke3 axb4 62. axb4 Rc2 63. Rd5 Bb8 64. Rd8 Ba7 65. Rd5 Rc4 66. Rb1 Kf6 67. Rf1+ Kg7 68. Rb1 h5 69. Rxe5 h4 70. Re4 Rc3+ 71. Kd4 Rh3 72. Re3 Rh2 73. Kd3 Ra2 74. Rh1 g5 75. Re5 Kf6 76. Rd5 Bb8 77. c6 Ra3+ 78. Kc2 Be5 79. Rd3 Ra2+ 80. Kb3 Rb2+ 81. Ka3 Rc2 82. Rd5 Rc3+ 83. Ka2 Rxc6 84. Rxb5 Bf4 85. Rf1 h3 86. Rh1 h2 87. Rc5 Rxc5 88. bxc5 g4 89. Rf1 Kg5 90. Kb3 g3 91. c6 g2 92. Rxf4 Kxf4 93. c7 g1Q 94. c8Q Qb6+ 95. Kc2 h1Q 96. Qd7 Qhc6+ 97. Qxc6 Qxc6+ 0-1

[Event "EU Union-ch U12 15th"]
[Site "Mureck"]
[Date "2017.08.10"]
[Round "9"]
[White "Kralj, Nika"]
[Black "Raasch, Hauke"]
[Result "1/2-1/2"]
[WhiteElo "1651"]
[BlackElo "1587"]
[PlyCount "60"]
[EventDate "2017.08.02"]
[EventType "swiss"]
[EventRounds "9"]
[EventCountry "AUT"]
[SourceTitle "CBM 180 Extra"]
[Source "ChessBase"]
[SourceDate "2017.10.06"]
[SourceVersion "1"]
[SourceVersionDate "2017.10.06"]
[SourceQuality "1"]

1. e4 d5 2. exd5 Qxd5 3. Nc3 Qd6 4. d4 Nf6 5. Nf3 c6 6. Be2 Bf5 7. Be3 e6 8. 0-0 Nbd7 9. Qd2 Qc7 10. Bd3 Bg6 11. Bf4 Bd6 12. Bxd6 Qxd6 13. Qe3 0-0 14. Bxg6 hxg6 15. h3 Nd5 16. Qd3 Nxc3 17. bxc3 Rfd8 18. c4 Nf6 19. Rfe1 Rac8 20. Qb3 Qc7 21. c3 Rb8 22. Rab1 b6 23. Qa4 Rb7 24. Ne5 Rc8 25. Rec1 Nd7 26. Nxd7 Qxd7 27. Qd1 Rd8 28. Qf3 Rc7 29. Rd1 Qd6 30. Rd2 Rcd7 1/2-1/2

[Event "EU Union-ch U12 15th"]
[Site "Mureck"]
[Date "2017.08.03"]
[Round "2"]
[White "Rozmanec, Pia"]
[Black "Kralj, Nika"]
[Result "1-0"]
[WhiteElo "1279"]
[BlackElo "1651"]
[PlyCount "67"]
[EventDate "2017.08.02"]
[EventType "swiss"]
[EventRounds "9"]
[EventCountry "AUT"]
[SourceTitle "CBM 180 Extra"]
[Source "ChessBase"]
[SourceDate "2017.10.06"]
[SourceVersion "1"]
[SourceVersionDate "2017.10.06"]
[SourceQuality "1"]

1. e4 c5 2. Nf3 e6 3. d4 cxd4 4. Nxd4 Nc6 5. Nb5 Nf6 6. Bg5 Qa5+ 7. Qd2 Qxd2+ 8. Nxd2 Rb8 9. Bf4 e5 10. Bg5 h6 11. Bxf6 gxf6 12. Nc7+ Kd8 13. Nd5 Nb4 14. Nxb4 Bxb4 15. c3 Bc5 16. Bc4 Rg8 17. 0-0 Ke7 18. Kh1 d6 19. Rad1 Rg7 20. Nb3 Bb6 21. Rd3 Be6 22. Nd2 Rbg8 23. Rg3 Rxg3 24. fxg3 Rg5 25. Be2 f5 26. Nf3 Rg8 27. exf5 Bxa2 28. Nd2 Bd5 29. Bc4 Bxc4 30. Nxc4 Bc7 31. Ne3 Kd7 32. Nd5 Kc6 33. Ne7+ Kd7 34. Nxg8 1-0

[Event "EU Union-ch U12 15th"]
[Site "Mureck"]
[Date "2017.08.02"]
[Round "1"]
[White "Kralj, Nika"]
[Black "Kalavala, Nayana"]
[Result "1-0"]
[WhiteElo "1651"]
[BlackElo "1300"]
[PlyCount "69"]
[EventDate "2017.08.02"]
[EventType "swiss"]
[EventRounds "9"]
[EventCountry "AUT"]
[SourceTitle "CBM 180 Extra"]
[Source "ChessBase"]
[SourceDate "2017.10.06"]
[SourceVersion "1"]
[SourceVersionDate "2017.10.06"]
[SourceQuality "1"]

1. e4 e5 2. Nf3 Nc6 3. d4 exd4 4. Nxd4 Bc5 5. Nb3 Bb6 6. Nc3 d6 7. Qe2 h6 8. Be3 Nf6 9. 0-0-0 0-0 10. f3 Bxe3+ 11. Qxe3 a6 12. g4 Nh7 13. h4 Ne5 14. Be2 b5 15. Qg1 Qf6 16. Nd5 Qd8 17. f4 Nc4 18. g5 h5 19. Nd4 g6 20. f5 c6 21. Nxc6 Qd7 22. Bxh5 Qe8 23. fxg6 fxg6 24. Bxg6 Qe6 25. Bf5 Qf7 26. g6 Qg7 27. gxh7+ Kf7 28. Qxg7+ Kxg7 29. Rhg1+ Kh8 30. Nce7 Bxf5 31. exf5 Kxh7 32. f6 Ra7 33. Rg7+ Kh6 34. Nf5+ Kh5 35. Nf4# 1-0

[Event "Maribor Pirc Memorial op 20th"]
[Site "Maribor"]
[Date "2017.06.30"]
[Round "7"]
[White "Kralj, Nika"]
[Black "Suta, Tomaz"]
[Result "1/2-1/2"]
[WhiteElo "1534"]
[BlackElo "1768"]
[PlyCount "61"]
[EventDate "2017.06.24"]
[EventType "swiss"]
[EventRounds "9"]
[EventCountry "SLO"]
[SourceTitle "CBM 179 Extra"]
[Source "ChessBase"]
[SourceDate "2017.08.23"]
[SourceVersion "1"]
[SourceVersionDate "2017.08.23"]
[SourceQuality "1"]

1. e4 e5 2. Nf3 Nc6 3. d4 exd4 4. Nxd4 Bb4+ 5. Nc3 Nf6 6. Nxc6 bxc6 7. Bd3 0-0 8. 0-0 d5 9. Bg5 Bxc3 10. bxc3 h6 11. Bxf6 Qxf6 12. exd5 cxd5 13. Qd2 Be6 14. Rab1 Rab8 15. Qe3 Rb6 16. Rb4 Qe7 17. Rfb1 Qd6 18. Rxb6 axb6 19. Rd1 c5 20. Qf3 Qc7 21. Bb5 Rd8 22. a4 d4 23. cxd4 Rxd4 24. Rxd4 cxd4 25. Qa8+ Kh7 26. Qe4+ g6 27. Qxd4 Qxc2 28. h3 Qc1+ 29. Kh2 Qc7+ 30. Kg1 Qc1+ 31. Kh2 1/2-1/2

[Event "Maribor Pirc Memorial op 20th"]
[Site "Maribor"]
[Date "2017.06.26"]
[Round "3"]
[White "Kralj, Nika"]
[Black "Florjancic, Rudolf"]
[Result "1-0"]
[WhiteElo "1534"]
[BlackElo "1814"]
[PlyCount "69"]
[EventDate "2017.06.24"]
[EventType "swiss"]
[EventRounds "9"]
[EventCountry "SLO"]
[SourceTitle "CBM 179 Extra"]
[Source "ChessBase"]
[SourceDate "2017.08.23"]
[SourceVersion "1"]
[SourceVersionDate "2017.08.23"]
[SourceQuality "1"]

1. e4 e5 2. Nf3 Nc6 3. d4 exd4 4. Nxd4 Nge7 5. Nc3 Nxd4 6. Qxd4 Nc6 7. Qd3 a6 8. Be3 d6 9. 0-0-0 Be6 10. Kb1 g6 11. f4 Bg7 12. Nd5 0-0 13. f5 Ne5 14. Qd2 gxf5 15. exf5 Bxf5 16. h3 b5 17. Nf4 Bg6 18. h4 Ng4 19. Bd4 Bxd4 20. Qxd4 Qf6 21. Qd2 h5 22. Nd5 Qd8 23. Re1 Kh7 24. Be2 c6 25. Bxg4 cxd5 26. Bh3 Qc7 27. Rc1 Qc4 28. Qg5 Rfe8 29. b3 Qc5 30. Rhf1 d4 31. Rxf7+ Bxf7 32. Bf5+ Kh8 33. Qh6+ Kg8 34. Bh7+ Kh8 35. Bg6+ 1-0